00268nam a2200109Ia 4500008004100000041000800041082001200049100001900061245001900080260004000099300001900139241028s9999 xx 000 0 und d aeng a339 MAN aMankiw/ Taylor aMacroeconomics bCengage Learning IndiaaDehlic2020 a449;. P. 25 cm